Best Bigmen from each NBA Team: Boston Celtics - Statistics

General Stats
  • This quiz has been taken 16 times
  • The average score is 8 of 25
Answer Stats
Hint Answer % Correct
1956-1969 Bill Russell
100%
1980-1994 Robert Parish
92%
2016-2019, 2021-2024 Al Horford
85%
2018-2023 Robert Williams
69%
1985-1987 Bill Walton
62%
1970-1980 Dave Cowens
62%
2007-2013 Kevin Garnett
62%
2010-2011 Shaquille O'Neal
62%
1950-1956 Ed Macauley
54%
2003-2011 Kendrick Perkins
54%
1978-1979 Bob McAdoo
31%
2017-2021 Daniel Theis
31%
2004-2007 Al Jefferson
15%
1987-1988 Artis Gilmore
15%
1993-1997 Dino Radja
15%
2019-2021 Tacko Fall
8%
1955-1958 Arnie Risen
0%
1962-1964 Clyde Lovellette
0%
1952-1953, 1958-1961 Gene Conley
0%
1988-1993 Joe Kleine
0%
2013-2017 Kelly Olynyk
0%
2005-2007 Michael Olowokandi
0%
1994-2000 Pervis Ellison
0%
1978-1983 Rick Robey
0%
1966-1968 Wayne Embry
0%
No matching quizzes found
Score Distribution
Percent of People with Each Score
Percentile by Number Answered
Your Score History
You have not taken this quiz